Liderazgo y protagonismo juvenil

সংরক্ষণ করুন:
গ্রন্থ-পঞ্জীর বিবরন
প্রধান লেখক: Quirós R, Edda
বিন্যাস: পাঠ‍্য
প্রকাশিত: San José: ALA
বিষয়গুলি:
ট্যাগগুলো: ট্যাগ যুক্ত করুন
কোনো ট্যাগ নেই, প্রথমজন হিসাবে ট্যাগ করুন!

MARC

LEADER 00000 a a2200000 04500
001 32786
003
040
090 |a 204100  
100 |a Quirós R, Edda  
245 |a Liderazgo y protagonismo juvenil  
260 |a San José:   |b ALA  
300 |a 25 p.  
650 |a MUJERES  
650 |a JUVENTUD  
650 |a CONDICIONES SOCIALES  
650 |a PROGRAMAS  
650 |a COSTA RICA  
999 |c 16532  |d 16532